Statistiques concernant Les villes qui ont accueilli une finale de l'Euro (football)

Cliquez ici pour prendre le quiz!

Statistiques générales

  • Ce quiz a été pris 172 fois
  • Le résultat moyen est 13 sur 16

Statistiques - réponses

EditionVille hôte de la finale% Correct
2016Saint-Denis
100%
1996Londres
99%
2020Londres
99%
1984Paris
98%
1960Paris
98%
1964Madrid
97%
1968Rome
89%
1980Rome
89%
2004Lisbonne
88%
1988Munich
85%
2012Kiev
82%
2008Vienne
77%
1972Bruxelles
72%
2000Rotterdam
61%
1976Belgrade
43%
1992Göteborg
23%

Distribution des résultats

Percentile par nombre de réponses

% des personnes avec chaque résultat

Votre développement - résultats

Vous n’avez pas pris ce quiz